Manual Washington de ecocardiografía
Сохранить в:
| Корпоративные авторы: | , |
|---|---|
| Другие авторы: | , , |
| Формат: | Электронный ресурс eКнига |
| Язык: | испанский |
| Опубликовано: |
Philadelphia :
Wolters Kluwer,
2013.
|
| Редактирование: | 1. ed. |
| Предметы: | |
| Online-ссылка: | Authentication may be required: |
| Метки: |
Добавить метку
Нет меток, Требуется 1-ая метка записи!
|
MARC
| LEADER | 00000nam a2200000 a 4500 | ||
|---|---|---|---|
| 001 | E000000272 | ||
| 003 | UtOrBLW | ||
| 005 | 20200318085458.0 | ||
| 006 | m d | ||
| 007 | cr | ||
| 008 | 200318s2013 paua s 000 0 spa d | ||
| 020 | |a 9788415684206 | ||
| 035 | |a (UtOrBLW)bslw09850348 | ||
| 040 | |a UtOrBLW | ||
| 050 | 4 | |a RC683.5.U5 |b M36 2013 | |
| 060 | 4 | |a WG 141.5.E2 |b M2946 2013 | |
| 245 | 0 | 0 | |a Manual Washington de ecocardiografía |h [electronic resource] / |c Ravi Rasalingam, M.D., F.A.C.C., assistant professor of medicine, Division of Cardiology, Washington University School of Medicine, St. Louis, Missouri ; associate editors, Majesh Makan, M.D., F.A.C.C., F.A.S.E., associate professor of medicine, associate director of echocardiography, Washington University School of Medicine, St. Louis, Missouri, Julio E. Pérez, M.D., F.A.C.C., F.A.H.A., F.A.S.E., F.A.C.P., professor of medicine, director of echocardiography, Washington University School of Medicine, St. Louis, Missouri. |
| 250 | |a 1. ed. | ||
| 260 | |a Philadelphia : |b Wolters Kluwer, |c 2013. | ||
| 300 | |a 320 p. : |b ill. (some col.) ; |c cm | ||
| 533 | |a Electronic reproduction. |b New York, N.Y. : |c Ovid Technologies, Inc. |n Available via World Wide Web. | ||
| 650 | 0 | |a Echocardiography. | |
| 650 | 0 | |a Heart |x Imaging. | |
| 650 | 1 | 2 | |a Echocardiography |
| 700 | 1 | |a Rasilingam, Ravi. | |
| 700 | 1 | |a Makan, Majesh. | |
| 700 | 1 | |a Pérez, Julio E. | |
| 710 | 2 | |a Washington University (Saint Louis, Mo.). |b Department of Surgery. | |
| 710 | 2 | |a Ovid Technologies, Inc. | |
| 856 | 4 | 0 | |a E-Books (Ovid) |z Authentication may be required: |u http://ovides.unach.elogim.com/Pages/book.aspx?isbn=9788415684206&XPATH=/PG(0) |